Online Catalogue and eLibrary

En paarvaiyil sila kadhaigalum sila novelgalum (Record no. 4185)

MARC details
000 -LEADER
fixed length control field 00399nam a2200157Ia 4500
005 - DATE AND TIME OF LATEST TRANSACTION
control field 20250318075448.0
008 - FIXED-LENGTH DATA ELEMENTS--GENERAL INFORMATION
fixed length control field 240331s9999 xx 000 0 und d
082 ## - DDC Classification
Item Number - Author Mark SWA
Class No. 894
100 ## - MAIN ENTRY--PERSONAL NAME
Personal name Swaminathan, V
245 #0 - TITLE STATEMENT
Title En paarvaiyil sila kadhaigalum sila novelgalum
260 ## - PUBLICATION, DISTRIBUTION, ETC.
Place of publication, distribution, etc. Chennai
Name of publisher, distributor, etc. Rajarajan Pathippagam
Date of publication, distribution, etc. 2001
300 ## - PHYSICAL DESCRIPTION
Extent (e.g. Volumes, Pages etc.) 300 p .,
650 ## - SUBJECT ADDED ENTRY--TOPICAL TERM
Topical term or geographic name entry element Kadhaikal
650 ## - SUBJECT ADDED ENTRY--TOPICAL TERM
Topical term or geographic name entry element Novels
942 ## - Koha item type (Biblio)
Koha item type Books in Stacks (Lending)
Holdings
Lost status Damaged status Collection code Home library Current library Shelving location Date acquired Full call number Accession Number Item type
    Lending WERC Library WERC Library Social Science Cupboard 03/31/2024 894.811 SWA 5443 Books in Stacks (Lending)

© WERC Library